Variationsmethoden der mathematischen Physik /
Guardado en:
| Autor Principal: | |
|---|---|
| Otros Autores: | , |
| Formato: | Libro |
| Idioma: | German Russian |
| Publicado: |
Berlin :
Akademie-Verlag,
1962.
|
| Etiquetas: |
Agregar Etiqueta
Sin Etiquetas, Sea el primero en etiquetar este registro!
|
| LEADER | 00658nam a22001815a 4500 | ||
|---|---|---|---|
| 001 | MAT.inmabb001459 | ||
| 008 | 031124s1962####gw############000#0#ger#d | ||
| 005 | 20170816123518.0 | ||
| 245 | 1 | 0 | |a Variationsmethoden der mathematischen Physik / |c Solomon G. Michlin ; in deutscher Sprache herausgegeben von Eugen Heyn ; Übersetzt aus dem Russischen von Winfried Heinrich. |
| 260 | |a Berlin : |b Akademie-Verlag, |c 1962. | ||
| 300 | |a x, 464 p. ; |c 25 cm. | ||
| 510 | 4 | |a MR, |c 25 #4658 | |
| 100 | 1 | |a Michlin, Solomon G. | |
| 700 | 1 | |a Heyn, Eugen. |4 edt | |
| 700 | 1 | |a Heinrich, Winfried. |4 trl | |
| 084 | |a 00A69 |2 MR | ||
| 041 | 1 | |a ger |h rus | |
| 859 | |h 00A69 |i M624 |p A-1755 |b BIB. MATEMATICA | ||
